Ethnic Groups and Languages of Russia - Uralic - Statistics

General Stats
  • This quiz has been taken 156 times
  • The average score is 10 of 15
Answer Stats
Language Family - Group Language Ethnic Group Number Republic (or other) % Correct
Uralic - Finnic Finnish Ingrian Finns 20.000 Karelia
87%
Uralic - Finnic Karelian Karelians 60.000 Karelia
86%
Uralic Udmurt Udmurts 550.000 Udmurtia
78%
Uralic Mari Mari people 550.000 Mari El
76%
Uralic - Mordvinic Erzya + Moksha Mordvins 750.000 Mordovia
76%
Uralic Komi-Zyryan + Permyak Komi peoples 230.000 Komi
71%
Uralic - Samoyedic Nenets Nenets people 45.000 Nenets Autonomous Okrug and Yamalo-Nenets Autonomous Okrug
71%
Uralic Sámi Sámi people 1800 Murmansk Oblast
70%
Uralic - Finnic Estonian Estonians 18.000 Western Russia
69%
Uralic - Ugric Khanty Khanty people 31.000 Khanty-Mansi Autonomous Okrug-Yugra
69%
Uralic - Ugric Mansi Mansi people 12.500 Khanty-Mansi Autonomous Okrug-Yugra
64%
Uralic - Finnic Veps (minority) Vepsians 6000 Karelia
62%
Uralic - Finnic Ingrian (near extinction) Izhorians 266 Karelia
50%
Uralic - Samoyedic Selkup Selkups 3600 Yamalo-Nenets Autonomous Okrug
42%
Uralic - Finnic Votic (near extinction) Votes 64 Leningrad Oblast
40%
No matching quizzes found
Score Distribution
Percent of People with Each Score
Percentile by Number Answered
Your Score History
You have not taken this quiz